[Event "DEM U12/U12w 2015"]
[Site "Willingen GER"]
[Date "2015.05.29"]
[Round "9"]
[White "Paeslack, Luis"]
[Black "Hinrichs, Paul"]
[Result "1-0"]
[Termination "normal"]
[Board "12"]
[WhiteElo "1775"]
[BlackElo "1641"]
[PlyCount "55"]
[WhiteFideId "12987760"]
[BlackFideId "12942545"]
[EventCountry "GER"]
[EventRounds "11"]
[EventType "swiss"]
[EventDate "2015.05.23"]

1. e4 e5 2. Nf3 Nc6 3. Bb5 a6 4. Ba4 Nf6 5. d4 exd4 6. O-O Bc5 7. e5 Nd5 8. Bb3
Nce7 9. Nxd4 d6 10. Nf3 dxe5 11. Nxe5 O-O 12. Nd2 c6 13. Ndf3 Be6 14. c3 Ng6
15. h3 Nxe5 16. Nxe5 Qc7 17. Nd3 Ba7 18. Qf3 Rae8 19. c4 Bb8 20. g3 Nb6 21. Bf4
Qe7 22. Bxb8 Rxb8 23. Rfe1 Qc7 24. c5 Bxb3 25. cxb6 Qxb6 26. axb3 Qxb3 27. Ne5
Qxb2 28. Nd7 1-0

[Event "DEM U12/U12w 2015"]
[Site "Willingen GER"]
[Date "2015.05.29"]
[Round "9"]
[White "Helmer, Jan"]
[Black "Englert, Jon"]
[Result "1-0"]
[Termination "normal"]
[Board "13"]
[WhiteElo "1691"]
[BlackElo "1682"]
[PlyCount "65"]
[WhiteFideId "12956686"]
[BlackFideId "12992275"]
[EventCountry "GER"]
[EventRounds "11"]
[EventType "swiss"]
[EventDate "2015.05.23"]

1. d4 Nf6 2. Nc3 g6 3. e4 d6 4. Be3 Bg7 5. Qd2 c6 6. f3 b5 7. Bd3 Nbd7 8. Nge2
a5 9. O-O O-O 10. g4 b4 11. Nd1 Qc7 12. h4 c5 13. c3 c4 14. Bc2 Rb8 15. Kh1 Rb5
16. d5 Ne5 17. Nd4 Rb8 18. Rg1 Kh8 19. Bh6 Rg8 20. Bxg7+ Rxg7 21. Nf2 Qd7 22.
g5 Nh5 23. f4 Nd3 24. Bxd3 cxd3 25. Ng4 bxc3 26. Qxc3 Nxf4 27. Raf1 Nh5 28. Ne6
Ba6 29. Rxf7 Qa4 30. Rxg7 Qxe4+ 31. Kh2 Rc8 32. Rg8+ Kxg8 33. Nh6# 1-0

[Event "DEM U12/U12w 2015"]
[Site "Willingen GER"]
[Date "2015.05.29"]
[Round "9"]
[White "Biermann, Lenhard"]
[Black "Meric, Geoffrey"]
[Result "1-0"]
[Termination "normal"]
[Board "14"]
[WhiteElo "1622"]
[BlackElo "1476"]
[PlyCount "91"]
[WhiteFideId "12970077"]
[BlackFideId "26092891"]
[EventCountry "GER"]
[EventRounds "11"]
[EventType "swiss"]
[EventDate "2015.05.23"]

1. d4 Nf6 2. c4 g6 3. Nc3 Bg7 4. Nf3 O-O 5. Bf4 d6 6. e3 Nbd7 7. Be2 Re8 8. h3
Nh5 9. Bh2 e5 10. O-O f5 11. Rc1 e4 12. Nd2 Nhf6 13. Nb3 Nf8 14. c5 d5 15. c6
b6 16. Na1 a6 17. Nc2 g5 18. Nb4 Be6 19. Nxa6 Re7 20. Nb4 Ng6 21. Qd2 h5 22. f3
g4 23. fxg4 fxg4 24. hxg4 Nxg4 25. Ncxd5 Bxd5 26. Nxd5 Re8 27. Bxg4 Qxd5 28.
Be2 Qxa2 29. Bc4+ Qxc4 30. Rxc4 Bh6 31. Qe2 Ra5 32. Be5 Rexe5 33. dxe5 Nxe5 34.
Rxe4 Ng4 35. Rxg4+ hxg4 36. Qc4+ Kh7 37. Qe4+ Kg7 38. Qe7+ Kg6 39. Qf7+ Kg5 40.
Qf6+ Kh5 41. Rf5+ Rxf5 42. Qxf5+ Kh4 43. g3+ Kh3 44. Qf1+ Kxg3 45. Qf2+ Kh3 46.
Qh2# 1-0

[Event "DEM U12/U12w 2015"]
[Site "Willingen GER"]
[Date "2015.05.29"]
[Round "9"]
[White "Heckmann, Till"]
[Black "Röhr, Tobias"]
[Result "0-1"]
[Termination "normal"]
[Board "15"]
[WhiteElo "1527"]
[BlackElo "1742"]
[PlyCount "112"]
[WhiteFideId "12987093"]
[BlackFideId "12963089"]
[EventCountry "GER"]
[EventRounds "11"]
[EventType "swiss"]
[EventDate "2015.05.23"]

1. e4 c5 2. Nc3 Nc6 3. g3 g6 4. Bg2 Bg7 5. d3 d6 6. f4 Rb8 7. Nf3 b5 8. O-O Qc7
9. h3 Nf6 10. Be3 b4 11. Ne2 Ba6 12. Qd2 O-O 13. f5 c4 14. Nh4 cxd3 15. cxd3
Ne5 16. Nc1 Rfc8 17. Rf2 Qd7 18. g4 Rxc1+ 19. Rxc1 Nxd3 20. Bh6 Nxc1 21. Qxc1
Rc8 22. Qf4 Qc7 23. Kh2 Nh5 24. Qe3 d5+ 25. Kg1 d4 26. Qg5 Bxh6 27. Qxh6 Qc1+
28. Qxc1 Rxc1+ 29. Kh2 g5 30. Nf3 Nf4 31. Nxd4 Bd3 32. e5 a5 33. Nb3 Re1 34.
Nxa5 Rxe5 35. Nc6 Rb5 36. Nxe7+ Kf8 37. f6 Rc5 38. Rd2 Rc2 39. Rxc2 Bxc2 40.
Nd5 Nxg2 41. Nxb4 Be4 42. Kg3 Nf4 43. a3 Ke8 44. Na6 Nd3 45. b4 Kd7 46. h4 h6
47. hxg5 hxg5 48. b5 Kc8 49. a4 Kb7 50. a5 Bd5 51. Kh3 Bc4 52. Kg3 Bxb5 53. Kf3
Ne1+ 54. Kf2 Kxa6 55. Kxe1 Bd7 56. Ke2 Bxg4+ 0-1

[Event "DEM U12/U12w 2015"]
[Site "Willingen GER"]
[Date "2015.05.29"]
[Round "9"]
[White "Henning, Marvin"]
[Black "Kühne, Maria"]
[Result "1-0"]
[Termination "normal"]
[Board "16"]
[WhiteElo "1791"]
[BlackElo "1401"]
[PlyCount "45"]
[WhiteFideId "12957399"]
[BlackFideId "12997412"]
[EventCountry "GER"]
[EventRounds "11"]
[EventType "swiss"]
[EventDate "2015.05.23"]

1. e4 e6 2. d4 d5 3. exd5 exd5 4. Bd3 Nf6 5. Ne2 Be7 6. Bf4 O-O 7. O-O Re8 8.
Nbc3 Nbd7 9. Nb5 Bd6 10. Bxd6 cxd6 11. Nxd6 Re6 12. Nxc8 Rxc8 13. Nf4 Rec6 14.
c3 Qc7 15. Qf3 Qd6 16. Rab1 Nb6 17. Rfe1 Nc4 18. Re2 b5 19. Rbe1 a6 20. Nxd5
Ne3 21. Rxe3 Qf8 22. Ne7+ Kh8 23. Nxc6 1-0

[Event "DEM U12/U12w 2015"]
[Site "Willingen GER"]
[Date "2015.05.29"]
[Round "9"]
[White "Knüdel, Torben"]
[Black "Köllner, Ruben Gideon"]
[Result "0-1"]
[Termination "normal"]
[Board "17"]
[WhiteElo "1553"]
[BlackElo "1649"]
[PlyCount "152"]
[WhiteFideId "16208820"]
[BlackFideId "12993093"]
[EventCountry "GER"]
[EventRounds "11"]
[EventType "swiss"]
[EventDate "2015.05.23"]

1. e4 d6 2. d4 Nf6 3. Nc3 e5 4. Nf3 exd4 5. Nxd4 Be7 6. Bf4 O-O 7. Qd2 Nc6 8.
O-O-O Nxd4 9. Qxd4 Be6 10. f3 a6 11. g4 Nd7 12. Kb1 b5 13. h4 Nb6 14. Be2 c5
15. Qd2 b4 16. Nd5 Bxd5 17. exd5 a5 18. h5 a4 19. g5 b3 20. cxb3 axb3 21. a3
Ra4 22. Rh2 Rd4 23. Qc1 Rxd1 24. Bxd1 Nxd5 25. Bd2 Qd7 26. f4 Qf5+ 27. Ka1 Rb8
28. Qc4 Nc7 29. Bxb3 d5 30. Qc2 Qg4 31. Ba2 Bd6 32. Bb1 g6 33. hxg6 hxg6 34.
Rh6 Qe6 35. Qc1 Bf8 36. Rh2 Bg7 37. Bc3 d4 38. Be1 Qb6 39. Bg3 Ra8 40. Bd3 Qb3
41. Qc4 Qxc4 42. Bxc4 Ne8 43. f5 Ra4 44. Bb3 Ra6 45. Bc4 Rb6 46. fxg6 Rxg6 47.
Re2 Kf8 48. Bb5 Re6 49. Rc2 Nd6 50. Bd7 Rg6 51. Rxc5 Ne4 52. Rc8+ Ke7 53. Bf5
Nxg3 54. Bxg6 fxg6 55. Rc7+ Kf8 56. Kb1 Ne4 57. a4 d3 58. Rd7 Nc5 59. Rxg7 Kxg7
60. a5 Kf7 61. b4 Nd7 62. b5 Ke6 63. b6 Nb8 64. Kc1 Kd5 65. Kd2 Kd4 66. Kc1 Kc3
67. Kd1 d2 68. b7 Na6 69. Ke2 Kc2 70. Ke3 d1=Q 71. Kf4 Qd4+ 72. Kg3 Qe4 73. Kf2
Kd2 74. b8=Q Nxb8 75. Kg1 Qe2 76. Kh1 Ke3 0-1

[Event "DEM U12/U12w 2015"]
[Site "Willingen GER"]
[Date "2015.05.29"]
[Round "9"]
[White "Bethke, Robert"]
[Black "Wu, Luka"]
[Result "0-1"]
[Termination "normal"]
[Board "18"]
[WhiteElo "1548"]
[BlackElo "1580"]
[PlyCount "104"]
[WhiteFideId "12959251"]
[BlackFideId "12977420"]
[EventCountry "GER"]
[EventRounds "11"]
[EventType "swiss"]
[EventDate "2015.05.23"]

1. c4 Nf6 2. Nc3 c6 3. Nf3 d5 4. cxd5 cxd5 5. d4 Nc6 6. g3 Bf5 7. Bg2 e6 8. O-O
Bd6 9. Re1 O-O 10. Bg5 h6 11. Bxf6 Qxf6 12. e4 dxe4 13. Nxe4 Bxe4 14. Rxe4 Rfd8
15. Qb3 Rab8 16. Rd1 Bc7 17. a3 Bb6 18. Qc3 Rbc8 19. Rf4 Qe7 20. Qd2 f5 21. h4
g5 22. hxg5 hxg5 23. Nxg5 Qxg5 24. d5 exd5 25. Bxd5+ Kg7 26. g4 Ne7 27. Re4 f4
28. Qxf4 Qxf4 29. Rxf4 Rxd5 30. Re1 Ng6 31. Rf5 Rxf5 32. gxf5 Nh4 33. Re7+ Kf6
34. Rxb7 Nxf5 35. b4 Nd6 36. Rd7 Ke6 37. Rh7 Rf8 38. Rh6+ Kd5 39. Rh5+ Kc4 40.
Rh4+ Kb3 41. Rh3+ Ka4 42. Kf1 Rxf2+ 43. Ke1 Ra2 44. Kd1 Rxa3 45. Rxa3+ Kxa3 46.
Kc2 Kxb4 47. Kb2 a5 48. Ka2 a4 49. Kb2 a3+ 50. Ka2 Bd4 51. Kb1 Kb3 52. Kc1 a2
0-1

[Event "DEM U12/U12w 2015"]
[Site "Willingen GER"]
[Date "2015.05.29"]
[Round "9"]
[White "Müdder, Melanie"]
[Black "Asadzade, Idris"]
[Result "0-1"]
[Termination "normal"]
[Board "19"]
[WhiteElo "1511"]
[BlackElo "1746"]
[PlyCount "64"]
[WhiteFideId "12994103"]
[BlackFideId "12997285"]
[EventCountry "GER"]
[EventRounds "11"]
[EventType "swiss"]
[EventDate "2015.05.23"]

1. e4 e6 2. d4 d5 3. exd5 exd5 4. Nf3 Bd6 5. c4 dxc4 6. Bxc4 Nf6 7. O-O O-O 8.
Nc3 Nc6 9. Be3 Bg4 10. h3 Bh5 11. g4 Bg6 12. Ne5 Nxe5 13. dxe5 Bxe5 14. f4 Bxc3
15. bxc3 Be4 16. Bc5 Re8 17. Qb3 Bd5 18. Bxd5 Qxd5 19. Qxd5 Nxd5 20. Rac1 b6
21. Bd4 Re4 22. f5 c5 23. Bf2 Ra4 24. Rfd1 Nf4 25. Rd2 Nxh3+ 26. Kg2 Nxf2 27.
Kxf2 Rxg4 28. Kf3 Rc4 29. Kg3 h6 30. Rd7 Re8 31. Rd3 Re5 32. Rf3 Re2 0-1

[Event "DEM U12/U12w 2015"]
[Site "Willingen GER"]
[Date "2015.05.29"]
[Round "9"]
[White "Hassemeier, Mika"]
[Black "Dietz, Florian"]
[Result "0-1"]
[Termination "normal"]
[Board "20"]
[WhiteElo "1658"]
[BlackElo "1844"]
[PlyCount "76"]
[WhiteFideId "12994880"]
[BlackFideId "12939897"]
[EventCountry "GER"]
[EventRounds "11"]
[EventType "swiss"]
[EventDate "2015.05.23"]

1. d4 Nf6 2. Nf3 g6 3. c4 c5 4. Nc3 cxd4 5. Nxd4 Bg7 6. e4 Nc6 7. Be3 O-O 8.
Qd2 Ng4 9. Nxc6 bxc6 10. Bg5 Rb8 11. f3 Nf6 12. Be2 Qa5 13. Be3 Ng4 14. fxg4
Rxb2 15. Qxb2 Bxc3+ 16. Bd2 Bxb2 17. Bxa5 Bxa1 18. Bb4 d6 19. Kd2 Be5 20. h4
Be6 21. a3 Rb8 22. Rf1 c5 23. Bc3 Bg3 24. h5 Rb3 25. a4 Ra3 26. a5 Be5 27. Bxe5
dxe5 28. h6 Ra2+ 29. Ke3 Rxe2+ 30. Kxe2 Bxc4+ 31. Kf2 Bxf1 32. Kxf1 Kf8 33. Ke2
Ke8 34. Kd3 Kd7 35. Kc4 Kc6 36. a6 f6 37. g3 e6 38. g5 f5 0-1

[Event "DEM U12/U12w 2015"]
[Site "Willingen GER"]
[Date "2015.05.29"]
[Round "9"]
[White "Buller, Ian Joshua"]
[Black "Brückner, Alexander"]
[Result "0-1"]
[Termination "normal"]
[Board "21"]
[WhiteElo "1491"]
[BlackElo "1821"]
[PlyCount "68"]
[WhiteFideId "12990655"]
[BlackFideId "12952613"]
[EventCountry "GER"]
[EventRounds "11"]
[EventType "swiss"]
[EventDate "2015.05.23"]

1. e4 c6 2. d4 d5 3. Nc3 dxe4 4. Nxe4 Nf6 5. Ng3 e6 6. Nf3 Bd6 7. Bd3 Qc7 8.
Be3 Nd5 9. Qd2 Nd7 10. O-O N7f6 11. Rae1 Ng4 12. Bg5 h6 13. Bf5 hxg5 14. Bxg4
Bf4 15. Qd3 Bd7 16. Ne5 Nf6 17. Bf3 Rh4 18. h3 a6 19. Qe2 Bxg3 20. fxg3 Rxd4
21. Bh5 Re4 22. Qd3 Rxe5 23. Bf3 Rxe1 24. Rxe1 O-O-O 25. Kh2 e5 26. Qe3 g4 27.
hxg4 Bxg4 28. Kg1 Bxf3 29. Qxf3 Qb6+ 30. Kf1 Qb5+ 31. Kg1 Qc5+ 32. Kf1 Qxc2 33.
Rxe5 Qd3+ 34. Qxd3 Rxd3 0-1

[Event "DEM U12/U12w 2015"]
[Site "Willingen GER"]
[Date "2015.05.29"]
[Round "9"]
[White "Pahl, Erik"]
[Black "Roho, Kevin"]
[Result "1/2-1/2"]
[Termination "normal"]
[Board "22"]
[WhiteElo "1464"]
[BlackElo "1825"]
[PlyCount "63"]
[WhiteFideId "16201272"]
[BlackFideId "12973734"]
[EventCountry "GER"]
[EventRounds "11"]
[EventType "swiss"]
[EventDate "2015.05.23"]

1. e4 d5 2. exd5 Qxd5 3. Nc3 Qa5 4. d4 Nf6 5. Bc4 c6 6. Bd2 Qc7 7. h3 e6 8. Qf3
Nbd7 9. Nge2 Bd6 10. O-O-O Rb8 11. g4 b5 12. Bd3 a5 13. Ne4 Nxe4 14. Bxe4 c5
15. dxc5 Nxc5 16. Bc6+ Bd7 17. Bxd7+ Nxd7 18. Bf4 Bxf4+ 19. Nxf4 Rc8 20. Rd2
Ne5 21. Qg3 Nc4 22. Re2 O-O 23. Nh5 Qxg3 24. Nxg3 Rfd8 25. b3 Nb6 26. Rd1 Rxd1+
27. Kxd1 Nd5 28. Ne4 b4 29. Kc1 Nf4 30. Re3 Nd5 31. Rd3 Nf4 32. Re3 1/2-1/2

[Event "DEM U12/U12w 2015"]
[Site "Willingen GER"]
[Date "2015.05.29"]
[Round "9"]
[White "Bosselmann, Tom Linus"]
[Black "Schille, Hannes"]
[Result "1-0"]
[Termination "normal"]
[Board "23"]
[WhiteElo "1720"]
[BlackElo "1489"]
[PlyCount "61"]
[WhiteFideId "12983845"]
[BlackFideId "16206053"]
[EventCountry "GER"]
[EventRounds "11"]
[EventType "swiss"]
[EventDate "2015.05.23"]

1. e4 c5 2. d4 cxd4 3. c3 dxc3 4. Nxc3 a6 5. Nf3 Nc6 6. Bc4 e6 7. O-O Qc7 8.
Qe2 Bd6 9. Rd1 Nge7 10. a3 O-O 11. b4 Ne5 12. Nxe5 Bxe5 13. Bb2 Bxh2+ 14. Kh1
Be5 15. Rac1 f5 16. exf5 Qb8 17. fxe6 dxe6 18. Qg4 Nf5 19. Rc2 Kh8 20. Rcd2 Qc7
21. a4 Bf4 22. Rd3 Qxc4 23. Rd8 Qxb4 24. Qxf4 Qe7 25. Qg5 Rg8 26. Rxg8+ Kxg8
27. Rd8+ Kf7 28. Qh5+ g6 29. Qxh7+ Ng7 30. Ne4 e5 31. Qg8# 1-0

[Event "DEM U12/U12w 2015"]
[Site "Willingen GER"]
[Date "2015.05.29"]
[Round "9"]
[White "Kirsten, Annika"]
[Black "Grabbel, Lennart"]
[Result "0-1"]
[Termination "normal"]
[Board "24"]
[WhiteElo "1267"]
[BlackElo "1584"]
[PlyCount "146"]
[WhiteFideId "12961124"]
[BlackFideId "16201620"]
[EventCountry "GER"]
[EventRounds "11"]
[EventType "swiss"]
[EventDate "2015.05.23"]

1. e4 e5 2. Nf3 Nc6 3. Bc4 Bc5 4. c3 Nf6 5. d3 a6 6. Bb3 Ba7 7. Nbd2 O-O 8. O-O
d5 9. exd5 Nxd5 10. Re1 Nf4 11. Nxe5 Nxe5 12. Rxe5 Bxf2+ 13. Kh1 Qxd3 14. Qf1
Qxf1+ 15. Nxf1 Ng6 16. Re2 Bb6 17. Be3 Re8 18. Ree1 Bxe3 19. Rxe3 Rxe3 20. Nxe3
Bd7 21. Rd1 Bc6 22. Rf1 Ne5 23. Nd5 Bxd5 24. Bxd5 c6 25. Bb3 Kf8 26. Rd1 Ke7
27. Re1 f6 28. Kg1 Rd8 29. Re2 Kf8 30. Bc2 Rd7 31. Kf1 g6 32. Ke1 Re7 33. Kd1
Ng4 34. h3 Ne3+ 35. Kd2 Nc4+ 36. Ke1 Nxb2 37. Rxe7 Kxe7 38. Bb3 Nd3+ 39. Kf1
Nc5 40. Bc2 f5 41. Ke2 Kf6 42. Kf3 h6 43. h4 Nd7 44. Ke3 Ne5 45. g3 c5 46. Bd1
b5 47. Be2 Ke6 48. Bf1 g5 49. h5 Nd7 50. Bg2 Nf6 51. Bf3 Ke5 52. a3 a5 53. Bd1
Ne4 54. g4 Nxc3 55. Bf3 fxg4 56. Bxg4 Nd5+ 57. Kd3 b4 58. axb4 axb4 59. Kc2
Ne3+ 60. Kb3 Nxg4 61. Kc4 Kd6 62. Kb3 Nf6 63. Kc4 Nxh5 64. Kb3 g4 65. Kc4 g3
66. Kb5 g2 67. Ka4 Kc6 68. Kb3 Kb5 69. Kc2 Kc4 70. Kd2 g1=Q 71. Kc2 Qf2+ 72.
Kb1 Kb3 73. Kc1 Qc2# 0-1

[Event "DEM U12/U12w 2015"]
[Site "Willingen GER"]
[Date "2015.05.29"]
[Round "9"]
[White "Wu, Leon"]
[Black "Berelowitsch, Dana"]
[Result "1-0"]
[Termination "normal"]
[Board "25"]
[WhiteElo "1574"]
[BlackElo "1408"]
[PlyCount "137"]
[WhiteFideId "12977438"]
[BlackFideId "12977144"]
[EventCountry "GER"]
[EventRounds "11"]
[EventType "swiss"]
[EventDate "2015.05.23"]

1. e4 d5 2. exd5 Qxd5 3. Nc3 Qa5 4. d4 Nf6 5. Bc4 Bf5 6. Bd2 Qb6 7. Nf3 Nbd7 8.
O-O e6 9. Re1 O-O-O 10. a3 h6 11. b4 g5 12. b5 g4 13. Na4 Qd6 14. Bb4 Qf4 15.
Nh4 Bxb4 16. axb4 h5 17. Nxf5 Qxf5 18. Nc3 Kb8 19. Ra3 Nb6 20. Bd3 Qg5 21. Ne4
Qg7 22. c3 Rdg8 23. Qc2 h4 24. Ra2 Nxe4 25. Rxe4 g3 26. h3 Nd5 27. Rg4 Qf6 28.
Rxg8+ Rxg8 29. f3 Qf4 30. Ra1 Qe3+ 31. Kh1 Nf4 32. Bf1 Qf2 33. Qxf2 gxf2 34.
Kh2 f5 35. Ra2 Nd5 36. c4 Nxb4 37. Rxf2 a5 38. bxa6 Nxa6 39. Re2 Rd8 40. Rxe6
Rxd4 41. g3 Rd2+ 42. Re2 Rd4 43. gxh4 Rxh4 44. Kg3 Rd4 45. Re8+ Ka7 46. Rf8 Rd1
47. Be2 Rd2 48. Kf2 Rd6 49. Rxf5 Rh6 50. Kg3 Re6 51. Bf1 Re1 52. Kf2 Rd1 53. h4
Rd2+ 54. Kg3 Rd1 55. Be2 Rd2 56. Kf2 Rd4 57. f4 Rd7 58. h5 Rh7 59. Rg5 Rf7 60.
Kg3 Rh7 61. Kg4 b6 62. Bd3 Rh8 63. Rg7 Kb7 64. Kg5 Nc5 65. Bf5 Kc6 66. h6 Kd6
67. h7 Ne6+ 68. Bxe6 Kxe6 69. Kg6 1-0

[Event "DEM U12/U12w 2015"]
[Site "Willingen GER"]
[Date "2015.05.29"]
[Round "9"]
[White "Ewerhardy, Moritz"]
[Black "Grund, Sebastian"]
[Result "0-1"]
[Termination "normal"]
[Board "26"]
[WhiteElo "1337"]
[BlackElo "1810"]
[PlyCount "88"]
[WhiteFideId "36052086"]
[BlackFideId "12988626"]
[EventCountry "GER"]
[EventRounds "11"]
[EventType "swiss"]
[EventDate "2015.05.23"]

1. e4 c5 2. Nf3 Nc6 3. d4 cxd4 4. Nxd4 g6 5. c4 Bg7 6. Be3 Nf6 7. Nc3 O-O 8.
Be2 d6 9. O-O a5 10. f3 Nxd4 11. Bxd4 Nd7 12. Bxg7 Kxg7 13. Qd4+ Kg8 14. f4 Qb6
15. Qxb6 Nxb6 16. Nd5 Nxd5 17. cxd5 Bd7 18. Rac1 Rfc8 19. b3 b5 20. Kf2 b4 21.
Ke3 e6 22. Bc4 Kf8 23. h3 Rc5 24. Rfd1 Rac8 25. dxe6 Bxe6 26. Rd4 d5 27. exd5
Bxd5 28. g3 a4 29. Kd2 Bxc4 30. Rdxc4 Rxc4 31. Rxc4 Rxc4 32. bxc4 Ke7 33. c5
Ke6 34. Kd3 Kd5 35. c6 Kxc6 36. Kc4 b3 37. axb3 axb3 38. Kxb3 Kd5 39. Kc3 Ke4
40. Kc4 Kf3 41. g4 Kxf4 42. Kd5 Kg3 43. Ke5 Kxh3 44. Kf6 Kxg4 0-1

[Event "DEM U12/U12w 2015"]
[Site "Willingen GER"]
[Date "2015.05.29"]
[Round "9"]
[White "Khamenya, Vitalia"]
[Black "Brunner, Sophia"]
[Result "1-0"]
[Termination "normal"]
[Board "27"]
[WhiteElo "1570"]
[BlackElo "1553"]
[PlyCount "113"]
[WhiteFideId "12959260"]
[BlackFideId "12960683"]
[EventCountry "GER"]
[EventRounds "11"]
[EventType "swiss"]
[EventDate "2015.05.23"]

1. d4 Nf6 2. Nc3 d5 3. Bg5 Bf5 4. e3 e6 5. Nf3 c5 6. Be2 Nc6 7. O-O cxd4 8.
exd4 Bd6 9. Re1 O-O 10. a3 Rc8 11. Qd2 Be7 12. Bd3 Bxd3 13. Qxd3 h6 14. Bf4 Na5
15. Ne5 Nc4 16. Rab1 Qb6 17. Nxc4 dxc4 18. Qe3 Rfd8 19. Red1 Rd7 20. Be5 Rcd8
21. h3 Nd5 22. Qg3 Bf8 23. Nxd5 Rxd5 24. Bc7 Qc6 25. Bxd8 Rxd8 26. Qc3 Rd5 27.
Qf3 Qb6 28. b4 Bd6 29. c3 Bc7 30. Qe2 Qd6 31. g3 Qc6 32. Re1 Rg5 33. Qe4 Qb6
34. Re3 Bd6 35. h4 Rg6 36. Kh2 Rf6 37. Rf3 Rg6 38. Qe3 Qc7 39. Qe2 b6 40. Re1
Qb7 41. Qe4 Qc8 42. d5 e5 43. Rf5 Qd8 44. Qxc4 Qd7 45. Qe4 b5 46. f4 f6 47. h5
Rg4 48. Kh3 g6 49. Kxg4 gxf5+ 50. Qxf5 Qg7+ 51. Qg6 Kf8 52. Qxg7+ Kxg7 53. fxe5
Bxe5 54. Re3 Kf7 55. Kf5 Bd6 56. Re6 Be5 57. d6 1-0

[Event "DEM U12/U12w 2015"]
[Site "Willingen GER"]
[Date "2015.05.29"]
[Round "9"]
[White "Rudolph, Eva"]
[Black "Stelljes, Fabian"]
[Result "1/2-1/2"]
[Termination "normal"]
[Board "28"]
[WhiteElo "1573"]
[BlackElo "1342"]
[PlyCount "79"]
[WhiteFideId "16200594"]
[BlackFideId "16201370"]
[EventCountry "GER"]
[EventRounds "11"]
[EventType "swiss"]
[EventDate "2015.05.23"]

1. e4 e5 2. Nf3 Nc6 3. d4 exd4 4. Bc4 Bc5 5. c3 Nf6 6. e5 Ne4 7. cxd4 Bb6 8.
Bd5 Ba5+ 9. Ke2 f5 10. Nbd2 Bxd2 11. Bxd2 Nxd2 12. Qxd2 Ne7 13. Bb3 d5 14. Rhe1
c6 15. Kf1 h6 16. Qb4 Ng6 17. a4 Nf4 18. Bc2 a5 19. Qc3 O-O 20. b4 Qb6 21. bxa5
Qxa5 22. Qxa5 Rxa5 23. Nd2 Ne6 24. Nf3 g5 25. Red1 Kg7 26. Ke2 Nf4+ 27. Kf1 Be6
28. g3 Ng6 29. Nd2 Kf7 30. Nb3 Ra7 31. Nc5 Rb8 32. g4 Ne7 33. gxf5 Bxf5 34. Bb1
Bc8 35. Bd3 Rba8 36. Rdb1 b5 37. Ke2 bxa4 38. Rb2 Bf5 39. Rba2 a3 40. Kd2
1/2-1/2

[Event "DEM U12/U12w 2015"]
[Site "Willingen GER"]
[Date "2015.05.29"]
[Round "9"]
[White "Böttner, Oliver"]
[Black "Rietschel, Tilo"]
[Result "0-1"]
[Termination "normal"]
[Board "29"]
[WhiteElo "1363"]
[BlackElo "1549"]
[PlyCount "136"]
[WhiteFideId "16208870"]
[BlackFideId "16208390"]
[EventCountry "GER"]
[EventRounds "11"]
[EventType "swiss"]
[EventDate "2015.05.23"]

1. e4 c5 2. Nf3 a6 3. d4 cxd4 4. Nxd4 e5 5. Nf3 Nf6 6. Nc3 Bb4 7. Bd2 d6 8. Bd3
Nc6 9. O-O h6 10. a3 Bc5 11. b4 Bb6 12. Na4 Ba7 13. c3 Be6 14. Qe2 O-O 15. Be3
Bxe3 16. Qxe3 Nd7 17. Nb2 f5 18. exf5 Bxf5 19. Bxf5 Rxf5 20. Rad1 Nb6 21. Rd2
Qc7 22. a4 Rd8 23. Rfd1 Ne7 24. a5 Nbc8 25. Rd3 Nc6 26. Nd2 d5 27. Qc5 Qf7 28.
Nb3 d4 29. cxd4 Rxf2 30. dxe5 Rxd3 31. Nxd3 Re2 32. Nbc1 Re4 33. Rf1 Qd7 34.
Re1 Rxe1+ 35. Nxe1 Qd4+ 36. Qxd4 Nxd4 37. Ncd3 Kf7 38. Kf2 Ne7 39. Ke3 Ndc6 40.
Ke4 Ke6 41. Nc5+ Kf7 42. Nxa6 bxa6 43. Nd3 Ke8 44. g4 Kf7 45. h4 Ke8 46. Kf4 g6
47. g5 h5 48. Ke4 Kd8 49. e6 Kc7 50. Kf4 Kd6 51. Ke4 Nd5 52. Nc5 Ndxb4 53. Nxa6
Nxa6 54. Kf4 Kxe6 55. Ke4 Nxa5 56. Kf4 Nc5 57. Kg3 Kf5 58. Kf3 Nc4 59. Kg3 Ne5
60. Kh3 Ne4 61. Kh2 Kg4 62. Kg2 Kxh4 63. Kh2 Kxg5 64. Kg2 Kg4 65. Kh2 h4 66.
Kg2 h3+ 67. Kh2 Nf3+ 68. Kh1 Ng3# 0-1

[Event "DEM U12/U12w 2015"]
[Site "Willingen GER"]
[Date "2015.05.29"]
[Round "9"]
[White "Popist, Florian"]
[Black "Gutmann, Anna"]
[Result "1-0"]
[Termination "normal"]
[Board "32"]
[WhiteElo "1422"]
[BlackElo "1303"]
[PlyCount "145"]
[WhiteFideId "16203518"]
[BlackFideId "16208889"]
[EventCountry "GER"]
[EventRounds "11"]
[EventType "swiss"]
[EventDate "2015.05.23"]

1. e4 c5 2. Nf3 g6 3. d4 cxd4 4. Qxd4 Nf6 5. e5 Nc6 6. Qd1 Nxe5 7. Ng5 Bg7 8.
f4 Nc6 9. Nc3 O-O 10. Be3 d5 11. Bf2 Bf5 12. Qd2 Nb4 13. Bd3 Nxd3+ 14. cxd3 Qa5
15. O-O Ng4 16. d4 f6 17. Nf3 e5 18. dxe5 Nxf2 19. Qxf2 fxe5 20. fxe5 Rfe8 21.
Rad1 Rad8 22. Rfe1 Bg4 23. Qd4 Bf8 24. Qxg4 Bc5+ 25. Kh1 d4 26. Ne4 Be7 27.
Nf6+ Bxf6 28. exf6 Rxe1+ 29. Rxe1 Qd5 30. Qe6+ Qxe6 31. Rxe6 d3 32. Re1 Kf7 33.
Rd1 Kxf6 34. Ne1 d2 35. Nf3 Rc8 36. Rxd2 Rc1+ 37. Ng1 Rb1 38. g3 b6 39. Kg2 h5
40. Nf3 Rc1 41. Kf2 Rc6 42. Ke3 Re6+ 43. Kd4 Rd6+ 44. Kc4 Re6 45. b4 a6 46. a4
Rc6+ 47. Kd5 Re6 48. Rc2 Re3 49. Rc6+ Kg7 50. Nh4 Rd3+ 51. Kc4 Rd2 52. Rxg6+
Kf7 53. Rxb6 Ke7 54. Rxa6 Kd8 55. Rh6 Kc8 56. Rxh5 Rxh2 57. g4 Kd8 58. Nf5 Rg2
59. g5 Ke8 60. Nh4 Rg4+ 61. Kb5 Kd8 62. g6 Ke8 63. a5 Kd8 64. a6 Kc8 65. Rh7
Kb8 66. g7 Rg1 67. Rh8+ Ka7 68. Rh7 Kb8 69. Kb6 Kc8 70. g8=Q+ Rxg8 71. a7 Rg6+
72. Nxg6 Kd8 73. a8=Q# 1-0

[Event "DEM U12/U12w 2015"]
[Site "Willingen GER"]
[Date "2015.05.29"]
[Round "9"]
[White "Marzisch, Darius"]
[Black "Bui, Ngoc Han Julia"]
[Result "0-1"]
[Termination "normal"]
[Board "33"]
[WhiteElo "1499"]
[BlackElo "1596"]
[PlyCount "158"]
[WhiteFideId "12997480"]
[BlackFideId "12977055"]
[EventCountry "GER"]
[EventRounds "11"]
[EventType "swiss"]
[EventDate "2015.05.23"]

1. e4 e6 2. d4 d5 3. exd5 exd5 4. c4 c6 5. Nc3 Nf6 6. Nf3 h6 7. Bd3 Bd6 8. O-O
O-O 9. h3 Be6 10. c5 Bc7 11. Bd2 Nbd7 12. Qc2 Re8 13. b4 b6 14. Rab1 Qe7 15.
Qa4 b5 16. Qc2 Nh5 17. Be3 Qf6 18. a4 a6 19. a5 Bxh3 20. Be2 Bf5 21. Bd3 Bxd3
22. Qxd3 Nf8 23. Bd2 Nf4 24. Bxf4 Bxf4 25. Rfe1 Ng6 26. g3 Bc7 27. Kg2 Re7 28.
Re2 Rae8 29. Rbe1 Kf8 30. Nd1 Rxe2 31. Rxe2 Rxe2 32. Qxe2 Qe7 33. Qd3 Qe6 34.
Ne3 Bd8 35. Qd2 h5 36. Qd3 h4 37. Qf5 Qf6 38. Qxf6 Bxf6 39. gxh4 Nxh4+ 40. Nxh4
Bxh4 41. Kf3 Bf6 42. Nc2 Ke7 43. Kf4 Bh4 44. f3 Ke6 45. Kg4 Bf2 46. Kf4 Kf6 47.
Kg4 Ke6 48. Kf4 Bh4 49. Kg4 Bd8 50. Ne3 g6 51. Nc2 f5+ 52. Kg3 g5 53. Ne1 Kf6
54. Nc2 Kg6 55. Ne1 Kh5 56. Nd3 Bc7+ 57. f4 gxf4+ 58. Kf3 Kg6 59. Ne1 Bd8 60.
Nd3 Bc7 61. Ne1 Kf6 62. Nd3 Ke6 63. Ne1 Bd8 64. Nd3 Bf6 65. Nxf4+ Kf7 66. Ne2
Bg5 67. Nc3 Bd2 68. Na2 f4 69. Ke2 Be3 70. Kd3 Ke6 71. Nc3 Kf5 72. Nd1 Kg4 73.
Nc3 Kf5 74. Nd1 Bg1 75. Nc3 f3 76. Nd1 Kg4 77. Nc3 Kh3 78. Nxd5 cxd5 79. c6 Bh2
0-1